Human Development Report 2001 / Making New Technologies Work for Human Development (Record no. 5191)
[ view plain ]
| 000 -LEADER | |
|---|---|
| fixed length control field | 01234cam a22001814a 4500 |
| 005 - ΗΜΕΡΟΜΗΝΙΑ ΚΑΙ ΩΡΑ ΤΕΛΕΥΤΑΙΑΣ ΕΝΗΜΕΡΩΣΗΣ | |
| Πεδίο ελέγχου | 20250605163454.0 |
| 008 - FIXED-LENGTH DATA ELEMENTS--GENERAL INFORMATION | |
| Πεδίο ελέγχου σταθερού μήκους | 250528s ||||||||||||||||||||||||d |
| 035 ## - SYSTEM CONTROL NUMBER | |
| System control number | 19953 |
| 020 ## - ISBN | |
| ISBN | 195218353 |
| 040 ## - ΠΗΓΗ ΚΑΤΑΛΟΓΟΓΡΑΦΗΣΗΣ | |
| Φορέας πρωτότυπης καταλογογράφησης | MC Athens Campus Library |
| Γλώσσα καταλογογράφησης | Ελληνικά, Μοντέρνα (1453-) |
| Modifying agency | MC Athens Campus Library |
| Κανόνες περιγραφικής καταλογογράφησης | AACR2 |
| 245 1# - ΤΙΤΛΟΣ ΚΑΙ ΔΗΛΩΣΗ ΥΠΕΥΘΥΝΟΤΗΤΑΣ | |
| Τίτλος | Human Development Report 2001 / Making New Technologies Work for Human Development |
| 260 ## - PUBLICATION, DISTRIBUTION, ETC. | |
| Name of publisher, distributor, etc. | Oxford University Press, |
| Date of publication, distribution, etc. | 2001 |
| 300 ## - PHYSICAL DESCRIPTION | |
| Extent | 264 |
| 520 ## - SUMMARY, ETC. | |
| Summary, etc. | This book looks at how the advent of new technologies will affect developing countries and poor people. Technology Networks are Transforming the traditional map of development, expanding people's horizons and creating the potential to realize in a decade progress that required generations in the past. Overview, Making New Technologies Work for Human Development, Human Development - Past and Present and Future, Today's Technological Transformations - Creating the Network Age, Managing the Risks of Technological Change, Unleashing Human Creativity: National Strategies, Global Initiatives to Create Technologies for Human Development, Special Contributions, Boxes, Tables, Figures, Features, Map, Human Development Indicators, Technical Notes, Index. |
| 942 ## - ADDED ENTRY ELEMENTS (KOHA) | |
| Koha item type | Books |
| Τύπος τεκμηρίου | Βιβλιοθήκη | Τρέχουσα τοποθεσία | Barcode | Αριθμός εισαγωγής | Ημερομηνία απόκτησης | Ταξιθετικό σύμβολο | Αριθμός αντιτύπου | Κατάσταση απόσυρσης | Κατάσταση χαμένου | Κατάσταση κατεστραμμένου | Μη δανεισμός | Σύνολο δανεισμών | Ημερομηνία τελευταίας εμφάνισης | Η τιμή ισχύει από |
|---|---|---|---|---|---|---|---|---|---|---|---|---|---|---|
| Books | MC Athens Campus Library | MC Athens Campus Library | 9780000051905 | 6162 | 05/06/2025 | 306.09 PAR | 1 | 05/06/2025 | 05/06/2025 |